[Event "Winter CCCSA-IM 2020"]
[Site "Charlotte"]
[Date "2020.01.17"]
[Round "1.1"]
[White "Berczes, David"]
[Black "Wheeler, Cameron"]
[Result "1-0"]
[WhiteElo "2433"]
[BlackElo "2383"]
[Annotator "TA"]
[PlyCount "39"]
[EventDate "2020.01.17"]
[EventType "tourn"]
[EventCountry "USA"]
[SourceTitle "playchess.com"]
[Source "ChessBase"]
[SourceQuality "1"]

{[%evp 10,39,19,10,20,18,17,20,27,25,29,18,29,4,22,0,33,27,133,135,108,41,107,35,14,16,443,462,29994,29995,29995,29996]} 1. e4 e6 2. d4 d5 3. Nd2 c5 4. Ngf3 cxd4 5. exd5 Qxd5 6. Bc4 Qd7 {C07: French Tarrasch: 3...c5, 4 Ngf3 and 4 exd5 Qxd5} (6... Qd8 7. O-O Nf6 8. Nb3 Nc6 9. Nbxd4 Nxd4 10. Nxd4 Be7 11. c3 O-O 12. Qf3 Qc7 {½-½ (12) Guseinov,G (2666)-Nepomniachtchi,I (2767) Moscow 2019}) 7. O-O Nc6 8. Nb3 {[%cal Rb3d4]} Nf6 {The position is equal.} 9. Nbxd4 Nxd4 10. Nxd4 {aiming for Bb5.} a6 11. Re1 Bc5 12. c3 O-O 13. Bg5 b5 (13... Qd8 $11) 14. Bxf6 $146 ({Predecessor:} 14. Bd3) 14... gxf6 15. Qg4+ Kh8 16. Qf4 (16. Qf3 $16 Rg8 17. Qxf6+ (17. Qxa8 Bb7 $15 {[%mdl 64] Double Attack, Discovered Attack}) 17... Rg7 18. Bd3) 16... Be7 $1 $14 17. Bd3 $40 {[%mdl 128] Strongly threatening Bxh7! White has some attack.} Bb7 $2 {[%mdl 8192] [#]} (17... Rg8 $1 $11) 18. Bxh7 $1 $18 {[%mdl 512] Intending Qh6 and mate.} Kxh7 (18... Qd5 $18 19. Be4 Qg5) 19. Qh4+ Kg7 20. Qg4+ {Accuracy: White = 67%, Black = 45%.} 1-0

[Event "Winter CCCSA-IM 2020"]
[Site "Charlotte"]
[Date "2020.01.17"]
[Round "1.2"]
[White "Liang, Jason"]
[Black "Francisco, Richard"]
[Result "0-1"]
[WhiteElo "2353"]
[BlackElo "2256"]
[Annotator "TA"]
[PlyCount "106"]
[EventDate "2020.01.17"]
[EventType "tourn"]
[EventCountry "USA"]
[SourceTitle "playchess.com"]
[Source "ChessBase"]
[SourceQuality "1"]

{[%evp 9,105,6,7,-19,-3,-5,0,0,-5,-16,0,-14,0,0,0,-9,0,0,0,0,0,-30,14,0,0,0,0,0,0,0,0,0,0,0,31,-7,-11,-27,107,113,106,15,45,26,14,-421,-421,-417,-408,-407,-383,-426,-409,-363,-143,-2286,-2246,-29955,-12845,-12787,-12428,-12787,-12787,-5297,-5297,-29981,-29981,-5891,-5883,-29986,-29987,-29988,-29989,-29993,-29994,-29994,-29989,-29989,-29990,-29990,-29991,-29993,-29992,-29994,-29994,-29995,-29996,-29996,-29995,-29995,-29996,-29996,-29997,-29997,-29998,-29998,-29999,-29999]} 1. d4 Nf6 2. Bf4 e6 3. e3 b6 4. Nf3 Bb7 5. Nbd2 Nh5 6. Bg3 {A47: 1 d4 Nf6 2 Nf3 b6: Torre, London and Colle Systems} (6. Bg5 $5 {[%cal Rg5d8]} Be7 7. Bxe7 Qxe7 8. Bd3 $11) (6. Bg5 Be7 7. Bxe7 Qxe7 8. Bd3 O-O 9. Qe2 f5 10. h3 c5 11. g4 Nf6 12. dxc5 Nc6 13. g5 Nd5 14. cxb6 {0-1 (66) Biolek,R (2455)-Najer,E (2663) Czech Republic 2019}) 6... Nxg3 7. hxg3 g6 8. Bd3 {The position is equal.} Bg7 9. Qe2 d6 10. c3 a6 $146 ({Predecessor:} 10... Nd7 11. O-O-O c5 12. Bc2 {1-0 (24) Bukhteeva,V (2128)-Andrade,R (1756) Guimaraes 2019}) 11. O-O-O Nd7 12. Rh4 b5 13. Rdh1 h6 14. g4 g5 15. R4h2 (15. R4h3 {seems wilder.} Qe7 16. e4 c5 17. Kb1 O-O-O 18. Nf1) 15... Qe7 (15... Ke7 {is more complex.} 16. Kb1 c5 17. Ne4 c4 18. Bc2 Qb6) 16. Ne4 (16. Nf1 {with more complications.} c5 17. Ng3 d5 18. dxc5 Qxc5 19. Nh5) 16... Bxe4 17. Bxe4 d5 18. Bc2 $36 {[%mdl 2048] White has some pressure.} c5 19. e4 cxd4 20. Nxd4 dxe4 21. Qxe4 Rc8 22. Qb7 Qc5 23. Rd1 {Nxe6! is the strong threat.} Qc7 (23... Rc7 $11 24. Qa8+ (24. Qxa6 Ra7 $17) 24... Ke7) 24. Qxa6 $16 {Threatens to win with Nxe6!} O-O {[#]} 25. g3 (25. Nxe6 $1 $16 Qxh2 26. Nxf8 (26. Rxd7 Rfe8 $11) 26... Rxf8 27. Rxd7) 25... Ne5 $11 {[%cal Bd7e5,Be5c4,Bc4b2][%mdl 32]} 26. Qxb5 {And now Qe2 would win.} Nc4 27. b3 $2 {[%mdl 8192]} (27. Rhh1 $11 {and White is okay.}) 27... Nb2 $19 28. Rd3 Nxd3+ 29. Qxd3 {[%csl Gc2][%cal Rd3h7]} Rfd8 {Hoping for ...Qa5.} ({Inferior is} 29... Qxc3 30. Qh7#) 30. Kb2 Kf8 31. f4 Qb6 $2 (31... gxf4 $19 {is more deadly.} 32. gxf4 Qxf4) 32. fxg5 $2 {[%mdl 8192] [#]} (32. Rd2 $17) 32... Rxc3 $1 {[%mdl 512]} 33. Kxc3 Bxd4+ 34. Kd2 Be3+ 35. Ke2 Rxd3 36. Bxd3 Bxg5 37. Bc4 Qe3+ 38. Kf1 Qxg3 39. Rg2 Qh3 {Black mates.} 40. Ba6 Qh1+ 41. Rg1 Qf3+ 42. Ke1 Bh4+ 43. Kd2 Qf2+ {[%mdl 64] Double Attack} 44. Be2 Qxg1 45. a4 Qd4+ 46. Kc2 Bf6 47. Bc4 Qc3+ 48. Kd1 Bg5 {[%csl Gg5][%cal Rc3d2]} 49. Ke2 Qe3+ 50. Kf1 Bh4 {[%csl Gh4][%cal Re3f2]} 51. Kg2 Qf2+ 52. Kh1 Bg3 {[%csl Gg3][%cal Rf2h2]} 53. a5 Qh2# {Accuracy: White = 22%, Black = 50%.} 0-1

[Event "Winter CCCSA-IM 2020"]
[Site "Charlotte"]
[Date "2020.01.17"]
[Round "1.3"]
[White "Uyanga, Byambaa"]
[Black "Li, Eric"]
[Result "0-1"]
[WhiteElo "2113"]
[BlackElo "2195"]
[Annotator "TA"]
[PlyCount "118"]
[EventDate "2020.01.17"]
[EventType "tourn"]
[EventCountry "USA"]
[SourceTitle "playchess.com"]
[Source "ChessBase"]
[SourceQuality "1"]

{[%evp 15,118,-9,-7,-10,0,-7,0,0,11,6,47,14,22,-43,42,50,41,5,23,-7,-2,-51,-36,-102,-20,0,0,0,0,-13,0,-27,-24,-20,-4,-20,0,-3,0,0,0,-29,-29,-104,-78,-232,-233,-207,-188,-167,-89,-293,-268,-258,-250,-242,-131,-133,-147,-176,-164,-152,-133,-177,-180,-191,-184,-236,-227,-256,-234,-301,-280,-294,-260,-298,-259,-262,-251,-237,-208,-190,-196,-210,-203,-293,-285,-297,-300,-291,-247,-333,-318,-326,-316,-509,-508,-506,-529,-603,-592,-642,-642,-622,-608]} 1. e4 c5 2. Nf3 d6 3. d4 cxd4 4. Nxd4 Nf6 5. Nc3 a6 6. Bc4 e6 7. Bb3 Nbd7 8. g4 Nc5 9. f3 {B86: Sicilian Scheveningen/Najdorf: 6 Bc4, without early ...b5} b5 10. Be3 Bb7 11. Qd2 {The position is equal.} Nfd7 12. O-O-O Nb6 13. Bg5 Be7 14. h4 (14. Bxe7 $11 Qxe7 15. h4) 14... h6 $146 ({Black should try} 14... b4 $1 $15 15. Nce2 a5) ({Predecessor:} 14... b4 15. Nd5 Nxb3+ 16. axb3 Bxg5 17. hxg5 exd5 {0-1 (25) Cuhra,M (2247)-Cernousek,L (2453) Czechia 2015}) 15. Bxe7 $14 Qxe7 16. g5 O-O-O 17. Rdg1 hxg5 (17... b4 {looks sharper.} 18. Nce2 d5 19. gxh6 gxh6 20. e5 Nc4) 18. Rxg5 g6 19. h5 (19. a3 $15) 19... gxh5 (19... Qf6 $17 {...e5 is the strong threat.} 20. Qe3 b4) 20. Rgxh5 $11 Rxh5 21. Rxh5 Qf6 22. Nce2 Rg8 23. Qh6 Qxh6+ 24. Rxh6 Rg7 25. Kd2 Kd7 26. Ke3 Ke7 27. Rh8 Nbd7 28. c3 Ne5 29. Rb8 (29. Rh1 $11) 29... Kd7 30. Rf8 $2 (30. Rh8 $17) 30... Ng6 $19 31. Rb8 Kc7 32. Re8 {[%cal Rb3e6]} Bc8 (32... Nxb3 $19 33. axb3 Kd7) 33. Bxe6 $2 (33. Ng3 $17) 33... Bxe6 ({But not} 33... fxe6 34. b4 $17) 34. b4 Bd7 ({Less strong is} 34... Bxa2 35. Nc1 $15) 35. Ra8 {[#]} Nb7 (35... Na4 $1 $19 {[%cal Ra4b6] And now ...Nb6 would win.} 36. Ra7+ Kc8 37. Rxa6 Ne5 38. Ra8+ Kc7 39. Ra7+ Kb6) 36. Rxa6 Ne5 37. Nf4 Nc4+ 38. Kf2 Nb6 39. Nh5 {[#]} Rg6 $1 40. Nf4 Rh6 41. Kg2 (41. Nde2 $142) 41... Nd8 42. Ra5 Nc6 43. Nxb5+ Kb7 44. Ra3 Ne5 45. Nd4 Rf6 46. Nd5 Nxd5 47. exd5 Nc4 48. Rb3 Ne3+ 49. Kf2 Nxd5 50. c4 (50. Ke2 $142) 50... Rf4 51. Rd3 Nxb4 {[%mdl 64] Double Attack} 52. Rd2 {intending Ke3.} Kc7 53. Kg3 Rf6 54. f4 Na6 55. f5 $2 (55. Nb5+ Bxb5 56. cxb5) 55... Bxf5 {Black is clearly winning.} 56. Rf2 Rg6+ 57. Kf4 Rg4+ 58. Ke3 Re4+ 59. Kd3 Rf4+ {Accuracy: White = 28%, Black = 56%.} 0-1

[Event "Winter CCCSA-IM 2020"]
[Site "Charlotte"]
[Date "2020.01.17"]
[Round "1.4"]
[White "Gauri, Shankar"]
[Black "Eswaran, Ashritha"]
[Result "1-0"]
[WhiteElo "2350"]
[BlackElo "2252"]
[Annotator "TA"]
[PlyCount "67"]
[EventDate "2020.01.17"]
[EventType "tourn"]
[EventCountry "USA"]
[SourceTitle "playchess.com"]
[Source "ChessBase"]
[SourceQuality "1"]

{[%evp 11,73,22,34,39,35,34,32,28,50,49,52,36,72,68,118,118,139,147,175,150,172,134,130,120,152,143,179,135,205,176,183,148,213,151,233,235,268,237,290,310,425,407,517,515,557,139,664,623,654,622,700,718,1282,1251,29989,29990,29990,29984,29986,29987,29992,29993,29995,29996]} 1. Nf3 c5 2. e3 g6 3. d4 cxd4 4. exd4 Bg7 5. Be2 Nf6 6. O-O d5 7. c3 {B06: Modern Defence.} O-O 8. Re1 Nc6 9. Bf4 {White is slightly better.} Bd7 10. Nbd2 {[%cal Bb1d2,Bd2b3,Bb3c5][%mdl 32]} a6 11. Bd3 {[#]} b5 $146 ({Predecessor:} 11... Bg4 12. h3 Bxf3 13. Nxf3 Rc8 14. Qd2 e6 15. h4 Na5 16. Bg5 Nc4 17. Bxc4 dxc4 {1-0 (39) Andreikin,D (2712)-Fontaine,R (2563) chess.com INT 2018}) 12. Nb3 Qb6 13. Nc5 Be8 14. b4 a5 15. a3 Ra7 16. Qe2 Nd8 17. h3 Kh8 18. g4 Ng8 19. Kg2 Nb7 (19... Nf6 $16 {was called for.} 20. Bg3 Ne4) 20. h4 Qc6 21. h5 {Strongly threatening Rh1.} Qc8 (21... Nxc5 $16 22. dxc5 (22. bxc5 gxh5 23. Rh1 Qc8 $16) 22... gxh5) 22. Ne5 g5 (22... gxh5 $16 {is a better defense.} 23. f3 (23. gxh5 Nh6 $16) 23... Nxc5 24. bxc5 f6) 23. Bxg5 $18 Nxc5 24. bxc5 (24. dxc5 Bxe5 25. Qxe5+ f6 $15) 24... Bxe5 25. dxe5 ({Worse is} 25. Qxe5+ f6 $11) 25... Bd7 26. f3 Rb7 27. Bc2 f6 28. Qd3 $2 (28. Bd2 $18 {has better winning chances.}) 28... f5 $2 {[%mdl 8192]} (28... Bf5 $16 29. Bxf6+ (29. gxf5 fxg5 30. Qd4 Rc7 $14) (29. Qxf5 e6 $16) 29... Rxf6 30. gxf5 Rc6) 29. Qd4 {aiming for e6+.} e6 30. gxf5 Qe8 31. f6 Qxh5 32. Qf4 Qe8 {[#]} 33. Rh1 $1 {[%csl Gc2][%cal Rh1h7] White mates.} Bc6 34. Bxh7 {Played: Rh1-h4} 1-0

[Event "Winter CCCSA-IM 2020"]
[Site "Charlotte"]
[Date "2020.01.17"]
[Round "2.1"]
[White "Berczes, David"]
[Black "Liang, Jason"]
[Result "1/2-1/2"]
[WhiteElo "2433"]
[BlackElo "2353"]
[Annotator "ChessBase"]
[PlyCount "74"]
[EventDate "2020.01.17"]
[EventType "tourn"]
[EventCountry "USA"]
[SourceTitle "playchess.com"]
[Source "ChessBase"]
[SourceQuality "1"]
[TimeControl "5400+30"]

1. e4 {[%emt 1:30:30]} c6 {[%emt 1:30:30]} 2. Nc3 {[%emt 0:00:30]} d5 {[%emt 0:00:30]} 3. Nf3 {[%emt 0:00:30]} dxe4 {[%emt 0:00:30]} 4. Nxe4 {[%emt 0:00:30]} Nf6 {[%emt 0:00:30]} 5. Qe2 {[%emt 0:00:30]} Nxe4 {[%emt 0:00:30]} 6. Qxe4 {[%emt 0:00:30]} Qa5 {[%emt 0:00:30]} 7. b4 {[%emt 0:00:30]} Qf5 {[%emt 0:00:30]} 8. Qe3 {[%emt 0:00:30]} Qxc2 {[%emt 0:00:30]} 9. Bd3 {[%emt 0:00:30]} Qa4 {[%emt 0:00:30]} 10. a3 {[%emt 0:00:30]} Bg4 {[%emt 0:00:30]} 11. O-O {[%emt 0:00:30]} Bxf3 {[%emt 0:00:30]} 12. Qxf3 {[%emt 0:00:30]} Nd7 {[%emt 0:00:30]} 13. Re1 {[%emt 0:00:30]} Qb3 {[%emt 0:00:30]} 14. Rb1 {[%emt 0:00:30]} Qd5 {[%emt 0:00:30]} 15. Be4 {[%emt 0:00:30]} Qd6 {[%emt 0:00:30]} 16. b5 {[%emt 0:00:30]} Rc8 {[%emt 0:00:30]} 17. bxc6 {[%emt 0:00:30]} bxc6 {[%emt 0:00:30]} 18. d4 {[%emt 0:00:30]} Nf6 {[%emt 0:00:30]} 19. Bf4 {[%emt 0:00:30]} Qd7 {[%emt 0:00:30]} 20. Rb8 {[%emt 0:00:30]} Nxe4 {[%emt 0:00:30]} 21. Rxc8+ {[%emt 0:00:30]} Qxc8 {[%emt 0:00:30]} 22. Qxe4 {[%emt 0:00:30]} Qd7 {[%emt 0:00:30]} 23. Rc1 {[%emt 0:00:30]} e6 {[%emt 0:00:30]} 24. Rxc6 {[%emt 0:00:30]} Be7 {[%emt 0:00:30]} 25. Rc7 {[%emt 0:00:30]} Qa4 {[%emt 0:00:30]} 26. g3 {[%emt 0:00:30]} Bd8 {[%emt 0:00:30]} 27. Rb7 {[%emt 0:00:30]} O-O {[%emt 0:00:30]} 28. Bd6 {[%emt 0:00:30]} Re8 {[%emt 0:00:30]} 29. Qf3 {[%emt 0:00:30]} Bf6 {[%emt 0:00:30]} 30. Qh5 {[%emt 0:00:30]} g6 {[%emt 0:00:30]} 31. Qf3 {[%emt 0:00:30]} Qxd4 {[%emt 0:00:30]} 32. Qc6 {[%emt 0:00:30]} Qd1+ {[%emt 0:00:30]} 33. Kg2 {[%emt 0:00:30]} Rd8 {[%emt 0:00:30]} 34. Qc7 {[%emt 0:00:30]} Qd5+ {[%emt 0:00:30]} 35. Kg1 {[%emt 0:00:30]} Qd1+ {[%emt 0:00:30]} 36. Kg2 {[%emt 0:00:30]} Qd5+ {[%emt 0:00:30]} 37. Kg1 {[%emt 0:00:30]} Qd1+ {[%emt 0:00:30]} 1/2-1/2

[Event "Winter CCCSA-IM 2020"]
[Site "Charlotte"]
[Date "2020.01.17"]
[Round "2.2"]
[White "Eswaran, Ashritha"]
[Black "Jacobson, Aaron"]
[Result "1-0"]
[WhiteElo "2252"]
[BlackElo "2336"]
[Annotator "TA"]
[PlyCount "105"]
[EventDate "2020.01.17"]
[EventType "tourn"]
[EventCountry "USA"]
[SourceTitle "playchess.com"]
[Source "ChessBase"]
[SourceQuality "1"]

{[%evp 14,105,24,16,23,19,58,26,36,27,18,24,35,0,10,-1,8,-37,0,-19,-6,-15,0,0,-14,0,9,-8,5,-38,-38,-44,-33,-43,-50,-31,1,0,0,-44,-32,-64,-62,-58,-62,-70,-70,-77,-60,-53,-44,-109,-102,-102,-110,-90,-68,-222,-202,-245,-285,-237,-228,-364,-395,-539,-541,-520,-162,-161,-154,-244,-83,-106,46,39,522,495,1307,1289,1248,1230,1163,1163,1147,1121,29977,29978,29979,29979,29979,29980,5157,668]} 1. e4 c6 2. d4 d5 3. Nc3 dxe4 4. Nxe4 Nf6 5. Nxf6+ exf6 6. c3 Bd6 7. Bd3 O-O 8. Qc2 Re8+ {B15: Caro-Kann: 3 Nc3: 3...g6 and 3...dxe4 4 Nxe4 Nf6 5 Nxf6+ exf6} 9. Ne2 h5 10. Be3 (10. O-O h4 11. h3 Nd7 12. Bf4 Nf8 13. Qd2 Ng6 14. Bxd6 Qxd6 15. Rae1 Be6 16. Bxg6 fxg6 {½-½ (30) Popov,I (2636)-Artemiev,V (2731) Moscow 2019}) 10... Nd7 {White has an edge.} 11. O-O-O Nf8 12. Kb1 $146 ({Predecessor:} 12. h3 Be6 13. g4 h4 14. Kb1 {1-0 (56) Merry,A (2426)-Harvey,M (2405) Hull 2019}) 12... Be6 13. h3 b5 14. g4 h4 15. Rhg1 Bh2 16. Rge1 (16. Rh1 $5 {[%cal Rh1h2]} Qd6 17. Be4 $11) 16... Bd5 17. Nf4 Bf3 18. Be2 Bxe2 19. Nxe2 Qd5 20. Rh1 Bc7 21. Nc1 Ng6 22. Nd3 a5 23. Rde1 Re7 24. Rc1 f5 25. gxf5 Qxf5 26. Ka1 Rae8 27. c4 bxc4 28. Qxc4 Re6 29. Nc5 Rf6 30. Nd3 Ne7 {[%cal Bg6e7,Be7d5,Bd5e3][%mdl 32]} 31. Ne5 Re6 32. Rcg1 (32. Rhf1 $15) 32... Nd5 $17 33. Nxc6 Nxe3 34. fxe3 Rxe3 35. d5 $2 (35. Qc5 $15 Qxc5 36. dxc5) 35... Rxh3 $19 36. Rxh3 Qxh3 37. a3 Qe3 38. Rf1 (38. Qg4 {only move.} g6 39. Rh1) 38... Qe2 39. Qc1 h3 40. Nd4 Qd3 $2 (40... Qg2 41. Rg1 Qxd5 42. Qxc7 Qxd4) 41. Rd1 Qg3 {Hoping for ...Bf4.} 42. Nf5 (42. d6 $17 Qxd6 43. Nb5) 42... Qf4 $2 (42... Qg4 $19 {and Black stays clearly on top.} 43. Rg1 Qxf5 44. Qxc7 Qf3) 43. Qc6 Re2 $2 (43... Rd8 $17 {...h2 is the strong threat.} 44. d6 Bxd6 45. Rxd6 Rxd6 46. Nxd6 h2 47. Qc8+ Kh7 48. Qh3+ Kg6 49. Qg2+ Kf6 50. Ne4+ Kf5) 44. d6 $40 {[%mdl 128] White attacks.} Bd8 $2 {[%mdl 8192]} (44... Bxd6 $1 $14 45. Nxd6 Re6) 45. Qc8 $18 Re8 (45... h2 $142 46. Ne7+ Kh7) 46. Ne7+ {[%mdl 64] [#] Discovered Attack} Kh8 47. Qxh3+ Qh6 48. Qd7 Rf8 49. Qb7 g5 {[#]} 50. Rh1 $1 {[%mdl 512]} Qxh1+ 51. Qxh1+ Kg7 52. Nf5+ Kg6 53. Qh6+ {[%mdl 64] Double Attack. Accuracy: White = 36%, Black = 51%.} 1-0

[Event "Winter CCCSA-IM 2020"]
[Site "Charlotte"]
[Date "2020.01.17"]
[Round "2.3"]
[White "Li, Eric"]
[Black "Gauri, Shankar"]
[Result "1-0"]
[WhiteElo "2195"]
[BlackElo "2350"]
[Annotator "TA"]
[PlyCount "153"]
[EventDate "2020.01.17"]
[EventType "tourn"]
[EventCountry "USA"]
[SourceTitle "playchess.com"]
[Source "ChessBase"]
[SourceQuality "1"]

{[%evp 13,153,8,20,23,30,35,38,-10,-10,-15,-12,-13,0,0,0,0,0,-12,33,0,0,0,-10,-26,-26,-26,-24,-22,-29,-31,0,-2,-8,0,57,31,101,100,99,93,118,111,127,117,127,127,125,127,142,116,126,0,133,137,139,138,130,126,124,121,108,114,107,100,206,80,80,80,89,77,120,40,30,57,38,38,108,94,232,81,29972,29968,29968,468,677,502,518,429,419,408,551,551,602,600,593,589,576,572,572,557,594,573,634,626,591,551,591,528,656,645,631,564,630,616,29967,29964,5393,1755,4934,1636,2093,1902,4590,2715,3840,1702,1637,1579,1428,1341,1765,1523,29970,29958,29974,29975,29973,29974,29979,29980,29980,29981]} 1. d4 Nf6 2. c4 e6 3. Nc3 Bb4 4. f3 c5 5. d5 O-O 6. e4 d6 7. Nge2 b5 8. Nf4 {E20: Nimzo-Indian: 4 g3 and 4 f3} ({Of course not} 8. cxb5 exd5 9. exd5 Nbd7 $17) 8... a6 9. Be3 exd5 10. cxd5 {White is slightly better.} Nbd7 11. Be2 c4 12. O-O Ba5 $146 ({Predecessor:} 12... Bc5 13. Bxc5 Nxc5 14. b4 cxb3 15. axb3 b4 {0-1 (39) Grischuk,A (2781)-Topalov,V (2798) Stavanger 2015}) 13. Qd2 Ne5 14. Kh1 Bd7 15. a3 Rc8 16. Bd1 Bb6 17. Bc2 a5 18. Bxb6 Qxb6 19. Nce2 b4 20. axb4 axb4 21. Qd4 Qxd4 22. Nxd4 Ra8 23. b3 g6 (23... g5 $11 24. Nfe2 c3) 24. Kg1 (24. Rxa8 {feels hotter.} Rxa8 25. bxc4 g5 26. Nfe2 Nxc4 27. Kg1) 24... Rfc8 (24... g5 $14 25. Nfe2 c3) 25. Rxa8 Rxa8 26. bxc4 Rc8 27. Bb3 g5 28. Nfe2 Nxc4 29. Bxc4 Rxc4 30. Rc1 Rc5 31. Rb1 Rc4 32. Rc1 Rc5 $1 33. Kf2 Nh5 34. Rb1 Rc4 35. Ke3 Nf4 36. Nxf4 gxf4+ $16 {[%mdl 4096] Endgame KRB-KRN} 37. Kd3 Rc3+ 38. Kd2 Ra3 (38... Rc4 $16 {was worth a try.} 39. Nc2 Ba4 40. Nxb4 h5) 39. Nc2 (39. Rxb4 $18 {is more deadly. aiming for Rb7.} Ra2+ 40. Kc3) 39... Ra2 {And now ...Ba4 would win.} 40. Rxb4 Ba4 41. Rc4 Kg7 42. g3 (42. Kc1 $16) 42... fxg3 $14 43. hxg3 f5 $1 44. exf5 Kf6 {[#]} (44... h5 $1 $14) 45. g4 $1 $16 Ke5 (45... Kg5 $16 {might work better.}) 46. Kc1 $2 (46. f4+ $18 {has better winning chances.} Kxd5 47. Kd3 Bxc2+ 48. Rxc2) 46... Kxd5 $2 {[%mdl 8192]} (46... Bxc2 $16 47. Rxc2 Ra3) 47. Ne3+ Ke5 48. Kb1 (48. f4+ $142 Kf6 49. Rc7 Rc2+ 50. Nxc2 Be8 51. Nd4 h6 52. Rh7 Bf7 53. Rxh6+ Ke7 54. f6+ Kd8 55. Rh7) 48... Bb3 (48... d5 $142 49. f6 (49. Kxa2 dxc4 50. Ka3 Bc6 $11) 49... Be8) 49. f4+ Kf6 50. Nd5+ Kf7 51. Rc7+ Kf8 52. Nf6 Rf2 53. Nxh7+ Ke8 54. Nf6+ Kd8 55. Rd7+ Kc8 56. Rxd6 Rxf4 57. Kb2 Bc4 58. Kc3 {Threatens to win with Rd4.} Be2 59. Rd4 Rf1 {If Black can now play ...Bxg4 this consolidates a bit.} 60. Rd5 Bf3 61. Rc5+ Kd8 {Now ...Rg1 and Black clings on.} 62. Kd4 Ke7 63. g5 Rg1 64. Rc7+ Kd8 65. Rd7+ Kc8 66. Rg7 (66. g6 $142 Bd1 67. g7) 66... Bd1 67. Ne4 Bc2 68. Nd6+ Kd8 69. Ke5 (69. g6 $142 Bb1 70. Ke5) 69... Re1+ $18 70. Kf6 Rd1 71. Nf7+ Kc7 72. g6 Rf1 {[#]} 73. Nh6+ $1 {White mates.} Kd6 74. Rg8 Rh1 75. Rh8 Kd7 76. g7 Bb3 77. Nf7 {Accuracy: White = 60%, Black = 40%.} 1-0

[Event "Winter CCCSA-IM 2020"]
[Site "Charlotte"]
[Date "2020.01.17"]
[Round "2.4"]
[White "Francisco, Richard"]
[Black "Uyanga, Byambaa"]
[Result "1-0"]
[WhiteElo "2256"]
[BlackElo "2113"]
[Annotator "ChessBase"]
[PlyCount "73"]
[EventDate "2020.01.17"]
[EventType "tourn"]
[EventCountry "USA"]
[SourceTitle "playchess.com"]
[Source "ChessBase"]
[SourceQuality "1"]
[TimeControl "5400+30"]

1. c4 {[%emt 1:30:30]} Nf6 {[%emt 1:30:30]} 2. g3 {[%emt 0:00:30]} g6 {[%emt 0:00:30]} 3. Bg2 {[%emt 0:00:30]} Bg7 {[%emt 0:00:30]} 4. Nc3 {[%emt 0:00:30]} O-O {[%emt 0:00:30]} 5. e4 {[%emt 0:00:30]} e5 {[%emt 0:00:30]} 6. Nge2 {[%emt 0:00:30]} d6 {[%emt 0:00:30]} 7. d3 {[%emt 0:00:30]} Nh5 {[%emt 0:00:30]} 8. O-O {[%emt 0:00:30]} Nc6 {[%emt 0:00:30]} 9. Be3 {[%emt 0:00:30]} f5 {[%emt 0:00:30]} 10. exf5 {[%emt 0:00:30]} gxf5 {[%emt 0:00:30]} 11. f4 {[%emt 0:00:30]} Be6 {[%emt 0:00:30]} 12. Qd2 {[%emt 0:00:30]} Qd7 {[%emt 0:00:30]} 13. Rae1 {[%emt 0:00:30]} Rae8 14. b3 {[%emt 0:00:30]} Nd4 {[%emt 0:01:00]} 15. Kh1 {[%emt 0:00:30]} Bf7 {[%emt 0:00:30]} 16. Bg1 {[%emt 0:00:30]} Re6 {[%emt 0:00:30]} 17. Nxd4 {[%emt 0:00:30]} exd4 {[%emt 0:00:30]} 18. Nb5 {[%emt 0:00:30]} Rh6 {[%emt 0:00:30]} 19. Rf3 {[%emt 0:00:30]} Bd5 {[%emt 0:00:30]} 20. cxd5 {[%emt 0:00:30]} Qxb5 {[%emt 0:00:30]} 21. Re7 {[%emt 0:00:30]} Rf7 {[%emt 0:00:30]} 22. Qe1 {[%emt 0:00:30]} Kf8 {[%emt 0:00:30]} 23. Re6 {[%emt 0:00:30]} Nf6 {[%emt 0:00:30]} 24. Bxd4 {[%emt 0:00:30]} Rxh2+ {[%emt 0:00:30]} 25. Kxh2 {[%emt 0:00:30]} Ng4+ {[%emt 0:00:30]} 26. Kh1 {[%emt 0:00:30]} Bxd4 {[%emt 0:00:30]} 27. Qe2 {[%emt 0:00:30]} Qxd5 {[%emt 0:00:30]} 28. Rf1 {[%emt 0:00:30]} Qc5 {[%emt 0:00:30]} 29. Bf3 {[%emt 0:00:30]} Nf6 {[%emt 0:00:30]} 30. Kg2 {[%emt 0:00:30]} d5 {[%emt 0:00:30]} 31. Re1 {[%emt 0:00:30]} c6 {[%emt 0:00:30]} 32. Bh5 {[%emt 0:00:30]} Rd7 {[%emt 0:00:30]} 33. Rxf6+ {[%emt 0:00:30]} Bxf6 {[%emt 0:00:30]} 34. Qe8+ {[%emt 0:00:30]} Kg7 {[%emt 0:00:30]} 35. Qxd7+ {[%emt 0:00:30]} Kh6 {[%emt 0:00:30]} 36. Qxf5 {[%emt 0:00:30]} Qc3 {[%emt 0:00:30]} 37. Re6 {[%emt 0:00:30]} 1-0